00492nam a2200193 a 4500001001300000003000900013005001700022008004100039020001100080082001600091100001800107245005900125260002800184300000800212500003500220505001000255650001700265650001600282nice12345678IN_TiNIC20260116012919.0050524s1912 lona grp 000 0 eng  ac33.500a922.97bTAH aTaha, Hussein aEgyptian Childhoodb the Autobiography of Taha Hussein aLondonbHeinemannc1912 a65p aincludes index and biblioraphy2 anotes aTaha Hussein aIslam-Egypt